animal welfare needs - Statistics

General Stats
  • This quiz has been taken 5 times
  • The average score is 2 of 5
Answer Stats
Answer % Correct
suitable diet
100%
suitable environment
100%
housed with or apart from other animals
33%
able to exhibit normal behaviour
0%
protected from pain, suffering, injury and disease
0%
No matching quizzes found
Score Distribution
Percent of People with Each Score
Percentile by Number Answered
Your Score History
You have not taken this quiz